UBT Library

Essentials of Family Medicine (Record no. 46912)

000 -LEADER
fixed length control field 00300nam a22001337a 4500
008 - FIXED-LENGTH DATA ELEMENTS--GENERAL INFORMATION
fixed length control field 180807b xxu||||| |||| 00| 0 eng d
082 ## - DEWEY DECIMAL CLASSIFICATION NUMBER
Classification number 813.52
245 ## - TITLE STATEMENT
Title Essentials of Family Medicine
Statement of responsibility, etc Sloane
260 ## - PUBLICATION, DISTRIBUTION, ETC. (IMPRINT)
Date of publication, distribution, etc 2002
300 ## - PHYSICAL DESCRIPTION
Extent 1
Accompanying material CD
440 ## - SERIES STATEMENT/ADDED ENTRY--TITLE
International Standard Serial Number 18006383030
760 ## - MAIN SERIES ENTRY
Edition 4th
942 ## - ADDED ENTRY ELEMENTS (KOHA)
Source of classification or shelving scheme
Item type Mixed Materials
Holdings
Withdrawn status Lost status Source of classification or shelving scheme Damaged status Not for loan Collection code Permanent location Current location Shelving location Date acquired Total Checkouts Full call number Barcode Date last seen Price effective from Koha item type
          Koleksioni i përgjithshem UBT - Lipjan UBT - Lipjan Koleksioni i përgjithshem 08/07/2018   813.52 SLO 002-3010448 08/07/2018 08/07/2018 Mixed Materials
UBT Library © 2015-2024. All rights reserved University Education for Business and Technology